ロード中...

Jagadish Chaturvedi Rachanavali ( 6Volumes )

書誌詳細
第一著者: Mahip Singh
出版事項: Radha Publications 2011
LEADER 00207 a2200085 4500
100 |a Mahip Singh 
245 |a Jagadish Chaturvedi Rachanavali ( 6Volumes ) 
260 |c 2011  |b Radha Publications 
942 |c BK  |6 _ 
999 |c 67388  |d 67388